Normal view
MARC view
- الالعاب الصغيرة - المسابقات الرياضة
Entry Topical Term
001 - CONTROL NUMBER
- control field: 16815
003 - CONTROL NUMBER IDENTIFIER
- control field: JO-AjAnu
005 - DATE AND TIME OF LATEST TRANSACTION
- control field: 20230606073000.0
008 - FIXED-LENGTH DATA ELEMENTS
- fixed length control field: 230606|| aca||aabn | a|a d
040 ## - CATALOGING SOURCE
- Original cataloging agency: JO-AjAnu
- Transcribing agency: JO-AjAnu
150 ## - HEADING--TOPICAL TERM
- Topical term or geographic name entry element: الالعاب الصغيرة - المسابقات الرياضة
670 ## - SOURCE DATA FOUND
- Source citation: Work cat.: (JO-AjAnu)8635: رزق الله، بطرس، م.مشارك الشاذلي، احمد فؤاد, author 16814, المسابقات والألعاب الرياضية